Plus grandes villes du monde par lettre - K - Statistiques

Statistiques générales
  • Ce quiz a été pris 286 fois
  • Le résultat moyen est 10 sur 20
Statistiques - réponses
Pays Population Ville % Correct
Ukraine 4.660 Mio Kiev
99%
R.D. Congo 12.641 Mio Kinshasa
93%
Afghanistan 5.030 Mio Kaboul
91%
Koweït 4.728 Mio Koweït
91%
Malaisie 8.178 Mio Kuala Lumpur
88%
Népal 3.415 Mio Katmandou
86%
Soudan 8.524 Mio Khartoum
76%
Ouganda 4.101 Mio Kampala
69%
Pakistan 16.626 Mio Karachi
67%
États-Unis 2.501 Mio Kansas City
48%
Inde 16.684 Mio Kolkata
45%
Nigeria 4.957 Mio Kano
40%
Pologne 2.734 Mio Katowice
34%
Turquie 2.161 Mio Konya
14%
Ghana 2.478 Mio Kumasi
14%
Taïwan 3.615 Mio Kaohsiung
11%
Inde 3.627 Mio Kanpur
9%
Chine 4.677 Mio Kunming
9%
Nigéria 2.192 Mio Kaduna
4%
Inde 2.118 Mio Kochi
3%
Aucun quiz correspondant
Distribution des résultats
% des personnes avec chaque résultat
Percentile par nombre de réponses
Votre historique - résultats
Vous n’avez pas pris ce quiz